00660nam a2200241 a 4500001001300000003000900013005001700022008004100039020001000080082001600090100001700106245003300123260003100156300000900187500003500196505003300231650001300264700001700277902000800294942000700302952009400309999001500403nice12345678IN_TiNIC20260116011520.0050524s1930 newa grp 000 0 eng  ac10000a909.07bLAM aLamb, Harold aCrusades from Men and Saints aNew YorkbDoubleday c1930 a359p aincludes index and biblioraphy2 aSelected Bibliography, Index aCrusades1 aLamb, Harold bSRS cBK 00104070aHMIbHMId2007-04-02g100.00l0o909.07 LAMp552r2007-04-02w2026-01-16yEB c2220d2220